Peninsulas by Picture #1 - Statistics

General Stats
  • This quiz has been taken 17 times
    14 since last reset
  • The average score is 13 of 16
Answer Stats
Picture Answer % Correct
Arabian Peninsula
100%
Iberian Peninsula
100%
Italian Peninsula
100%
Baja California
91%
Finno-Scandinavia
91%
Florida Peninsula
91%
Indochina
91%
Korean Peninsula
91%
Balkan Peninsula
82%
Jutland Peninsula
82%
Sinai Peninsula
82%
Kamchatka
64%
Crimean Peninsula
55%
Yucatan Peninsula
55%
Cape York
45%
Upper Peninsula
36%
No matching quizzes found
Score Distribution
Percent of People with Each Score
Percentile by Number Answered
Your Score History
You have not taken this quiz since the last reset